[Event "Niederbayrische Einzelmeisterschaft"]
[Site "Mamming"]
[Date "2011.03.12"]
[Round "5.10"]
[White "Reich, Christian"]
[Black "Grum, Theodor"]
[Result "1-0"]
[WhiteElo "1647"]
[BlackElo "1777"]
[PlyCount "119"]
[EventDate "2011.03.??"]
[EventType "swiss"]
[EventRounds "7"]
[EventCountry "GER"]
[SourceDate "2015.12.20"]
[SourceVersionDate "2015.12.20"]
[WhiteTeam "SC Straubing"]
[BlackTeam "SC Grafenau"]

1. e4 c5 2. Nf3 g6 3. d4 cxd4 4. Qxd4 Nf6 5. Nc3 Nc6 6. Qa4 d6 7. e5 dxe5 8.
Nxe5 Qd4 9. Nxc6 Qxa4 10. Nxa4 bxc6 11. Bd3 Bf5 12. Nc3 Bg7 13. O-O O-O 14. Re1
Bxd3 15. cxd3 e6 16. Rb1 Rfd8 17. Rd1 Nd5 18. Bd2 Nb4 19. Ne4 Nxd3 20. Bc3 Nxb2
21. Rxd8+ Rxd8 22. Nf6+ Kh8 23. Bxb2 Rb8 24. Kf1 c5 25. Ke1 c4 26. Rd1 Rxb2 27.
Rd8+ Bf8 28. Nd7 c3 29. Rxf8+ Kg7 30. Rc8 Rb1+ 31. Ke2 Rb2+ 32. Ke3 c2 33. Kd2
c1=Q+ 34. Kxc1 Rxa2 35. Rc2 Ra5 36. Nc5 Rb5 37. Na4 Rb4 38. Ra2 Re4 39. Kd1
Rd4+ 40. Ke2 Re4+ 41. Kd3 Re5 42. Nc3 a5 43. Ra4 h5 44. Nb1 Re1 45. Na3 Rg1 46.
g3 Rg2 47. Ke3 Rxh2 48. Rxa5 h4 49. Kf3 h3 50. Nc4 Rh1 51. Ne3 Rg1 52. Ng4 f5
53. Ra7+ Kg8 54. Nf6+ Kf8 55. Rh7 Rd1 56. Rxh3 g5 57. Rh7 g4+ 58. Kf4 Re1 59.
Kg5 f4 60. Kg6 1-0

[Event "Niederbayrische Einzelmeisterschaft"]
[Site "Mamming"]
[Date "2011.03.12"]
[Round "5.11"]
[White "Huber, Florian"]
[Black "Grigore-Nikolitsch, Corneliu"]
[Result "1-0"]
[WhiteElo "1394"]
[BlackElo "1633"]
[PlyCount "82"]
[EventDate "2011.03.??"]
[EventType "swiss"]
[EventRounds "7"]
[EventCountry "GER"]
[SourceDate "2015.12.20"]
[SourceVersionDate "2015.12.20"]
[WhiteTeam "SK Landau-Dingolfing"]
[BlackTeam "SC Rottal"]

1. d4 e6 2. Nf3 d5 3. e3 a6 4. Bd3 c5 5. b3 Nc6 6. Bb2 Nf6 7. Nbd2 b5 8. dxc5
Bxc5 9. O-O Bb7 10. Ne5 Bd6 11. Ndf3 Be7 12. Ng5 Nxe5 13. Bxe5 h6 14. Nf3 Rc8
15. a4 b4 16. Qe2 Qa5 17. Rac1 O-O 18. Nd4 Nd7 19. Nf3 Nxe5 20. Nxe5 Bd8 21.
Qh5 d4 22. exd4 Qd5 23. Qf3 Qxf3 24. Nxf3 Bb6 25. Ne5 Bxd4 26. Nc4 Rfd8 27. Na5
Bd5 28. Nc4 Bxc4 29. Bxc4 a5 30. Rcd1 Bc3 31. Rd3 Rxd3 32. Bxd3 Rd8 33. Rd1 Kf8
34. Kf1 Ke7 35. Ke2 f5 36. Bb5 Bd4 37. Rd3 e5 38. Rf3 g6 39. Rg3 Kf6 40. Rh3 h5
41. f3 Bc3 1-0

[Event "Niederbayrische Einzelmeisterschaft"]
[Site "Mamming"]
[Date "2011.03.12"]
[Round "5.13"]
[White "Haider, Andreas"]
[Black "Seidl, Josef"]
[Result "1-0"]
[WhiteElo "1562"]
[BlackElo "1312"]
[PlyCount "51"]
[EventDate "2011.03.??"]
[EventType "swiss"]
[EventRounds "7"]
[EventCountry "GER"]
[SourceDate "2015.12.20"]
[SourceVersionDate "2015.12.20"]
[WhiteTeam "SV Aham"]
[BlackTeam "TSV Kreuzberg"]

1. e4 c5 2. f4 e6 3. Nf3 b6 4. Be2 g6 5. O-O Bg7 6. Nc3 Ne7 7. d3 O-O 8. e5
Nbc6 9. Ne4 Nf5 10. g4 Nfd4 11. g5 Nf5 12. Qe1 d5 13. Nf6+ Bxf6 14. gxf6 Bb7
15. Ng5 Nb4 16. Qd1 d4 17. a3 Nd5 18. Qe1 h6 19. Rf3 Nde3 20. Bxe3 dxe3 21. Ne4
Bxe4 22. dxe4 Nd4 23. Rd1 Qc8 24. Rh3 Kh7 25. Rxh6+ Kg8 26. Rxd4 1-0

[Event "Niederbayrische Einzelmeisterschaft"]
[Site "Mamming"]
[Date "2011.03.12"]
[Round "5.14"]
[White "Oberpriller, Katharina"]
[Black "Lenhard, Alexander"]
[Result "1/2-1/2"]
[WhiteElo "1556"]
[BlackElo "1226"]
[PlyCount "72"]
[EventDate "2011.03.??"]
[EventType "swiss"]
[EventRounds "7"]
[EventCountry "GER"]
[SourceDate "2015.12.20"]
[SourceVersionDate "2015.12.20"]
[WhiteTeam "FC Ergolding 1932"]
[BlackTeam "SV Deggendorf"]

1. d4 f5 2. c4 Nf6 3. Nc3 d5 4. Nf3 dxc4 5. Qa4+ Bd7 6. Qxc4 Nc6 7. Ng5 e6 8.
Nxe6 Bxe6 9. Qxe6+ Qe7 10. Qxe7+ Bxe7 11. e3 Nb4 12. Kd1 Ng4 13. Ke2 O-O-O 14.
h3 Nf6 15. a3 Nc6 16. Bd2 Rhe8 17. Kd1 a6 18. Kc2 g6 19. Rc1 Bd6 20. Kb1 Na5
21. Ka2 Nc6 22. Bd3 Ne7 23. Na4 Nfd5 24. Nc5 Bxc5 25. Rxc5 Rd6 26. Rhc1 Kb8 27.
R5c2 Nc6 28. Be2 Nxd4 29. exd4 Rxe2 30. Ba5 Rxc2 31. Rxc2 b6 32. Bd2 Re6 33.
Bg5 Re4 34. Rd2 Kc8 35. Kb3 b5 36. Kc2 Nb6 1/2-1/2

[Event "Niederbayrische Einzelmeisterschaft"]
[Site "Mamming"]
[Date "2011.03.12"]
[Round "5.15"]
[White "Strangmueller, Andreas"]
[Black "Meier, Hans"]
[Result "1-0"]
[WhiteElo "1852"]
[BlackElo "1103"]
[PlyCount "57"]
[EventDate "2011.03.??"]
[EventType "swiss"]
[EventRounds "7"]
[EventCountry "GER"]
[SourceDate "2015.12.20"]
[SourceVersionDate "2015.12.20"]
[WhiteTeam "SK Landshut"]
[BlackTeam "SV Aham"]

1. d4 d5 2. c4 c6 3. Nf3 Nf6 4. Nc3 h6 5. cxd5 Nxd5 6. e4 Nxc3 7. bxc3 c5 8.
Bc4 Qc7 9. Qb3 e6 10. O-O b6 11. Be3 Nc6 12. Bb5 Bd7 13. Rfd1 Na5 14. Qa4 Bxb5
15. Qxb5+ Qc6 16. Qb1 Nc4 17. d5 Qd7 18. dxe6 Qxe6 19. Qb5+ Ke7 20. Bxc5+ Kf6
21. Bd4+ Kg6 22. e5 Na3 23. Qd3+ Qf5 24. Nh4+ Kh7 25. Qxf5+ g6 26. Qxf7+ Bg7
27. e6 Rhg8 28. Qxg6+ Kh8 29. Qxh6# 1-0

[Event "Niederbayrische Einzelmeisterschaft"]
[Site "Mamming"]
[Date "2011.03.12"]
[Round "6.1"]
[White "Heiduczek, Franz"]
[Black "Mueller, Michael"]
[Result "1-0"]
[WhiteElo "2137"]
[BlackElo "2008"]
[PlyCount "59"]
[EventDate "2011.03.??"]
[EventType "swiss"]
[EventRounds "7"]
[EventCountry "GER"]
[SourceDate "2015.12.20"]
[SourceVersionDate "2015.12.20"]
[WhiteTeam "SC Rottal"]
[BlackTeam "SC Bayerwald Regen/Zwiesel"]

1. e4 d6 2. f4 e5 3. Bc4 Nf6 4. d3 exf4 5. Bxf4 d5 6. exd5 Nxd5 7. Qe2+ Be6 8.
Bxd5 Qxd5 9. Bxc7 Nc6 10. Nf3 Rc8 11. Bg3 Qb5 12. c3 Nb4 13. Ne5 Nxa2 14. Nxf7
Kxf7 15. O-O+ Bf5 16. Rxa2 Bc5+ 17. Kh1 g6 18. Na3 Bxa3 19. Rxa3 a6 20. c4 Qc6
21. Ra5 Rhf8 22. Raxf5+ gxf5 23. Rxf5+ Kg8 24. Rg5+ Kf7 25. Qh5+ Ke7 26. Rg7+
Kd8 27. Bh4+ Rf6 28. Bxf6+ Qxf6 29. Qd5+ Ke8 30. Qg8+ 1-0

[Event "Niederbayrische Einzelmeisterschaft"]
[Site "Mamming"]
[Date "2011.03.12"]
[Round "6.2"]
[White "Golder, Waldemar"]
[Black "Holzer, Richard"]
[Result "1/2-1/2"]
[WhiteElo "1824"]
[BlackElo "2138"]
[PlyCount "48"]
[EventDate "2011.03.??"]
[EventType "swiss"]
[EventRounds "7"]
[EventCountry "GER"]
[SourceDate "2015.12.20"]
[SourceVersionDate "2015.12.20"]
[WhiteTeam "FC Ergolding 1932"]
[BlackTeam "SK Passau 1869"]

1. c4 e5 2. Nc3 Nc6 3. g3 d6 4. Bg2 Be6 5. d3 Qd7 6. e4 Nge7 7. h3 f5 8. Nge2
O-O-O 9. Be3 a6 10. Qa4 Nb8 11. Qxd7+ Nxd7 12. b3 fxe4 13. dxe4 c5 14. O-O Nc6
15. f4 Be7 16. Rad1 Nd4 17. Rd2 Rdf8 18. Nc1 Bd8 19. Nd5 Rf7 20. Nd3 Rhf8 21.
Rdf2 b6 22. Kh2 Kb7 23. Nc3 Rf6 24. Kg1 Kc8 1/2-1/2

[Event "Niederbayrische Einzelmeisterschaft"]
[Site "Mamming"]
[Date "2011.03.12"]
[Round "6.3"]
[White "Schultes, Christoph"]
[Black "Kleibel, Uwe"]
[Result "1-0"]
[WhiteElo "1822"]
[BlackElo "2079"]
[PlyCount "112"]
[EventDate "2011.03.??"]
[EventType "swiss"]
[EventRounds "7"]
[EventCountry "GER"]
[SourceDate "2015.12.20"]
[SourceVersionDate "2015.12.20"]
[WhiteTeam "SK Landau-Dingolfing"]
[BlackTeam "SC Ortenburg 1894"]

1. d4 d6 2. Nf3 g6 3. g3 Bg7 4. Bg2 e5 5. dxe5 dxe5 6. Qxd8+ Kxd8 7. Nc3 c6 8.
Ng5 Nh6 9. Nge4 Kc7 10. Bxh6 Bxh6 11. Rd1 Na6 12. a3 f5 13. Nd2 Be6 14. O-O
Rhd8 15. Nf3 Bg7 16. e4 Nc5 17. b4 Nd7 18. Rfe1 a5 19. b5 f4 20. Ng5 Bg8 21.
Bh3 Nc5 22. Nf3 Be6 23. Bg2 fxg3 24. hxg3 Bg4 25. Rb1 Ne6 26. b6+ Kd7 27. Nh2
Nd4 28. Nxg4 Nxc2 29. Red1+ Ke7 30. a4 Na3 31. Ra1 Nc4 32. Bf1 Nd2 33. Ne3 Nf3+
34. Kg2 Nd4 35. Ne2 Nb3 36. Rab1 Nd2 37. Rbc1 Nxe4 38. Nc3 Nc5 39. Bc4 Rd4 40.
Bf1 Bh6 41. Be2 Rf8 42. Rh1 Bxe3 43. fxe3 Rb4 44. Rxh7+ Rf7 45. Nd5+ cxd5 46.
Rxf7+ Kxf7 47. Rxc5 Rxa4 48. Rc7+ Ke6 49. Rxb7 Ra2 50. Kf1 Rb2 51. Rb8 Kd6 52.
Ba6 Rb1+ 53. Ke2 Rb2+ 54. Kd1 Kc6 55. b7 Kb6 56. Rg8 Ka7 1-0

[Event "Niederbayrische Einzelmeisterschaft"]
[Site "Mamming"]
[Date "2011.03.12"]
[Round "6.4"]
[White "Bielmeier, Ludwig"]
[Black "Valenza, Guiseppe"]
[Result "1-0"]
[WhiteElo "2023"]
[BlackElo "1788"]
[PlyCount "63"]
[EventDate "2011.03.??"]
[EventType "swiss"]
[EventRounds "7"]
[EventCountry "GER"]
[SourceDate "2015.12.20"]
[SourceVersionDate "2015.12.20"]
[WhiteTeam "SV Deggendorf"]
[BlackTeam "SV Aham"]

1. c4 Nf6 2. g3 g6 3. Bg2 Bg7 4. Nc3 c6 5. Nf3 d6 6. O-O e5 7. d3 h6 8. c5 O-O
9. Qc2 Re8 10. cxd6 Qxd6 11. Nd2 Bf5 12. Nde4 Bxe4 13. Nxe4 Nxe4 14. Bxe4 Na6
15. Bd2 Nc7 16. Bg2 Nd5 17. Rfd1 Rad8 18. Rab1 c5 19. Qa4 Ra8 20. a3 Red8 21.
Rdc1 a6 22. Rc2 Rac8 23. Rbc1 b5 24. Qb3 Nb6 25. Ba5 Bf8 26. h4 h5 27. Qa2 Rd7
28. Bh3 Rdc7 29. Bxc8 Rxc8 30. Bxb6 Qxb6 31. Qd5 Bd6 32. b4 1-0

[Event "Niederbayrische Einzelmeisterschaft"]
[Site "Mamming"]
[Date "2011.03.12"]
[Round "6.5"]
[White "Palmi, Herbert"]
[Black "Haselbeck, Franz"]
[Result "1-0"]
[WhiteElo "2001"]
[BlackElo "1966"]
[PlyCount "37"]
[EventDate "2011.03.??"]
[EventType "swiss"]
[EventRounds "7"]
[EventCountry "GER"]
[SourceDate "2015.12.20"]
[SourceVersionDate "2015.12.20"]
[WhiteTeam "SC Bayerwald Regen/Zwiesel"]
[BlackTeam "SV Deggendorf"]

1. b4 d5 2. Bb2 Bf5 3. e3 e6 4. Nf3 Nf6 5. b5 a6 6. a4 axb5 7. axb5 Rxa1 8.
Bxa1 Nbd7 9. c4 Qa8 10. Nc3 Bb4 11. cxd5 exd5 12. Be2 Nc5 13. O-O O-O 14. Nh4
Be6 15. Qc2 Qa3 16. Nf5 Qb3 17. Nd4 Qxc2 18. Nxc2 Ra8 19. Nxb4 1-0

[Event "Niederbayrische Einzelmeisterschaft"]
[Site "Mamming"]
[Date "2011.03.12"]
[Round "6.6"]
[White "Popp, Michael"]
[Black "Woitylak, Steffen"]
[Result "1-0"]
[WhiteElo "1967"]
[BlackElo "1928"]
[PlyCount "141"]
[EventDate "2011.03.??"]
[EventType "swiss"]
[EventRounds "7"]
[EventCountry "GER"]
[SourceDate "2015.12.20"]
[SourceVersionDate "2015.12.20"]
[WhiteTeam "TV 1862 Geiselhöring"]
[BlackTeam "TV 1862 Geiselhöring"]

1. c4 c5 2. Nc3 Nf6 3. g3 d5 4. cxd5 Nxd5 5. Bg2 Nxc3 6. bxc3 Qc7 7. Nf3 Nc6 8.
d4 cxd4 9. cxd4 e6 10. O-O Bd6 11. Bb2 O-O 12. Qc2 Qe7 13. Rab1 Rb8 14. Nd2 Bd7
15. Nc4 Rfc8 16. Nxd6 Qxd6 17. Qd3 b5 18. Rfd1 Be8 19. Bc1 f6 20. Bf4 e5 21.
Bxc6 Qxc6 22. Rbc1 Qe6 23. dxe5 g5 24. Be3 Qxe5 25. Bxa7 Rxc1 26. Rxc1 Ra8 27.
Bd4 Qe6 28. a3 Ra4 29. Bc5 Rc4 30. Rxc4 bxc4 31. Qe3 Kf7 32. Kf1 Bc6 33. Qxe6+
Kxe6 34. Ke1 Kd5 35. Be7 Ke6 36. Bd8 g4 37. Kd2 h6 38. Kc3 Bb5 39. Bc7 Kd5 40.
Bf4 h5 41. Kb4 Kc6 42. a4 Ba6 43. e4 Kd7 44. Kc5 Bb7 45. Kxc4 Bxe4 46. Kc5 Bf3
47. a5 Bg2 48. Be3 Bf3 49. Bd4 f5 50. Be3 Bg2 51. Kd4 Ke6 52. Bc1 Bh1 53. Ke3
Kf7 54. Kf4 Kg6 55. Ke5 Bg2 56. a6 Be4 57. Ke6 Bd3 58. a7 Be4 59. Bf4 Ba8 60.
Kd6 Kf7 61. Kc7 Ke6 62. Kb8 Bc6 63. a8=Q Bxa8 64. Kxa8 Kd5 65. Kb7 Ke4 66. Kc6
h4 67. Kd6 h3 68. Ke6 Kf3 69. Kxf5 Kg2 70. Kxg4 Kxh2 71. Kf3 1-0

[Event "Niederbayrische Einzelmeisterschaft"]
[Site "Mamming"]
[Date "2011.03.12"]
[Round "6.8"]
[White "Stroeher, Wolfgang"]
[Black "Reich, Christian"]
[Result "1/2-1/2"]
[WhiteElo "1976"]
[BlackElo "1647"]
[PlyCount "76"]
[EventDate "2011.03.??"]
[EventType "swiss"]
[EventRounds "7"]
[EventCountry "GER"]
[SourceDate "2015.12.20"]
[SourceVersionDate "2015.12.20"]
[WhiteTeam "SC Straubing"]
[BlackTeam "SC Straubing"]

1. e4 c5 2. f4 e5 3. Nf3 exf4 4. Bc4 Nc6 5. d3 d6 6. Nc3 Be6 7. Nd5 Bxd5 8.
exd5 Qe7+ 9. Kf2 Ne5 10. Re1 g5 11. Kf1 O-O-O 12. c3 Qf6 13. Qe2 Nxc4 14. dxc4
g4 15. Nd2 h5 16. Ne4 Qf5 17. b4 b6 18. Qf2 Bh6 19. bxc5 dxc5 20. Ba3 Bf8 21.
Nxc5 Bxc5 22. Bxc5 Qd3+ 23. Kg1 Qxc4 24. Bxb6 axb6 25. Qxb6 Rh6 26. Qa7 Qc7 27.
Qd4 h4 28. Re4 Rf6 29. Rb1 h3 30. Rb4 Kd7 31. Rxf4 Rxf4 32. Qxf4 Qxf4 33. Rxf4
hxg2 34. Rxf7+ Kd6 35. c4 Ra8 36. Rg7 Nf6 37. Rg6 Ke5 38. Kxg2 Rxa2+ 1/2-1/2

[Event "Niederbayrische Einzelmeisterschaft"]
[Site "Mamming"]
[Date "2011.03.12"]
[Round "6.9"]
[White "Thanner, Daniel"]
[Black "Thurnbauer, Alois"]
[Result "1-0"]
[WhiteElo "1855"]
[BlackElo "1607"]
[PlyCount "91"]
[EventDate "2011.03.??"]
[EventType "swiss"]
[EventRounds "7"]
[EventCountry "GER"]
[SourceDate "2015.12.20"]
[SourceVersionDate "2015.12.20"]
[WhiteTeam "SC Ortenburg 1894"]
[BlackTeam "SC Ortenburg 1894"]

1. d4 Nf6 2. Nf3 g6 3. Nc3 Bg7 4. e4 d6 5. Bd3 O-O 6. Be3 Bg4 7. h3 Bc8 8. Qd2
Re8 9. O-O-O e5 10. Ng5 Nc6 11. Bc4 Rf8 12. dxe5 Nxe5 13. Bb3 Qe7 14. f4 Nc6
15. Nd5 Qd8 16. Qd3 h6 17. Nf3 Nxd5 18. exd5 Ne7 19. g4 a5 20. c3 a4 21. Bc2 b6
22. Bd4 c5 23. dxc6 Nxc6 24. Bxg7 Kxg7 25. Qxd6 Qxd6 26. Rxd6 Bb7 27. Be4 Rac8
28. Ne5 Nxe5 29. Bxb7 Rc7 30. Ba6 Nc6 31. Bb5 Nb4 32. Kb1 a3 33. cxb4 Ra8 34.
Rc1 Re7 35. bxa3 Rxa3 36. Rd3 Rxd3 37. Bxd3 Re3 38. Bb5 Rxh3 39. Rc6 h5 40.
gxh5 Rxh5 41. Rxb6 Rh4 42. Bd3 Rxf4 43. b5 g5 44. Rc6 g4 45. Rc4 Rxc4 46. Bxc4
1-0

[Event "Niederbayrische Einzelmeisterschaft"]
[Site "Mamming"]
[Date "2011.03.12"]
[Round "6.10"]
[White "Grum, Theodor"]
[Black "Huber, Florian"]
[Result "1-0"]
[WhiteElo "1777"]
[BlackElo "1394"]
[PlyCount "51"]
[EventDate "2011.03.??"]
[EventType "swiss"]
[EventRounds "7"]
[EventCountry "GER"]
[SourceDate "2015.12.20"]
[SourceVersionDate "2015.12.20"]
[WhiteTeam "SC Grafenau"]
[BlackTeam "SK Landau-Dingolfing"]

1. e4 c5 2. Nf3 e6 3. d3 d5 4. Nbd2 Nc6 5. g3 d4 6. e5 Qc7 7. Qe2 f6 8. exf6
Nxf6 9. Nc4 Bd6 10. Nxd6+ Qxd6 11. Bf4 Qe7 12. Bg2 O-O 13. O-O Nd5 14. Bg5 Qd6
15. Rae1 Bd7 16. Ne5 Rae8 17. Bc1 Rf5 18. Nxd7 Qxd7 19. Be4 Rf7 20. Qh5 g6 21.
Qg5 Nf6 22. Qxc5 Nxe4 23. Rxe4 Ref8 24. Bh6 Rf5 25. Qa3 Qf7 26. Bxf8 1-0

[Event "Niederbayrische Einzelmeisterschaft"]
[Site "Mamming"]
[Date "2011.03.12"]
[Round "6.11"]
[White "Haimerl, Willibald"]
[Black "Staller, Josef"]
[Result "0-1"]
[WhiteElo "1612"]
[BlackElo "1705"]
[PlyCount "50"]
[EventDate "2011.03.??"]
[EventType "swiss"]
[EventRounds "7"]
[EventCountry "GER"]
[SourceDate "2015.12.20"]
[SourceVersionDate "2015.12.20"]
[WhiteTeam "SV Deggendorf"]
[BlackTeam "SC Rottal"]

1. e4 e5 2. Nf3 Nc6 3. d4 exd4 4. Nxd4 Qf6 5. Be3 Bc5 6. c3 Nge7 7. Bc4 Bxd4 8.
cxd4 Qg6 9. Qf3 d6 10. Nc3 O-O 11. O-O a6 12. Rac1 Re8 13. a3 Be6 14. d5 Ne5
15. Qe2 Bh3 16. g3 Bxf1 17. Qxf1 Nxc4 18. Qxc4 Rac8 19. Ne2 Qg4 20. Nf4 Ng6 21.
Ng2 Ne5 22. Qe2 Nf3+ 23. Kf1 Nxh2+ 24. Ke1 Nf3+ 25. Kf1 Qh3 0-1

[Event "Niederbayrische Einzelmeisterschaft"]
[Site "Mamming"]
[Date "2011.03.12"]
[Round "6.12"]
[White "Grigore-Nikolitsch, Corneliu"]
[Black "Haider, Andreas"]
[Result "0-1"]
[WhiteElo "1633"]
[BlackElo "1562"]
[PlyCount "126"]
[EventDate "2011.03.??"]
[EventType "swiss"]
[EventRounds "7"]
[EventCountry "GER"]
[SourceDate "2015.12.20"]
[SourceVersionDate "2015.12.20"]
[WhiteTeam "SC Rottal"]
[BlackTeam "SV Aham"]

1. e4 g6 2. d4 Bg7 3. c3 d6 4. h3 Bd7 5. f4 e6 6. Nf3 Nc6 7. Be3 Nge7 8. Nbd2
d5 9. e5 Nf5 10. Bf2 a6 11. g4 Nfe7 12. Nb3 b6 13. Bd3 Na5 14. Nxa5 bxa5 15.
Qe2 Qc8 16. a4 Qb7 17. Qc2 O-O 18. Rb1 Rfb8 19. b3 Qc8 20. Bh4 Qe8 21. O-O Bf8
22. Be1 Nc6 23. Kg2 Be7 24. h4 Kg7 25. g5 Bf8 26. Rh1 Ne7 27. Bd2 Nf5 28. h5 c5
29. dxc5 Bxc5 30. Bxf5 gxf5 31. Qd1 Qe7 32. Be1 Qd8 33. Bh4 Be7 34. Qe1 Ra7 35.
Nd4 Rab7 36. h6+ Kg8 37. Ra1 Qf8 38. Qe2 Rb6 39. Rhb1 Bc5 40. Qd3 Kh8 41. Bf2
Bxd4 42. cxd4 Rc6 43. Be1 Qd8 44. Qd2 Rb4 45. Qd3 Rb8 46. b4 axb4 47. Rxb4 Rxb4
48. Bxb4 Rc4 49. Bc5 Bxa4 50. Qa3 Bb5 51. Bb6 Qc8 52. Qe7 Rc2+ 53. Kh1 Rc1+ 54.
Rxc1 Qxc1+ 55. Kg2 Qf1+ 56. Kg3 Qg1+ 57. Kf3 Qd1+ 58. Kf2 Qf1+ 59. Kg3 Qe1+ 60.
Kg2 Qf1+ 61. Kg3 Qe1+ 62. Kg2 Qf1+ 63. Kh2 Qf2+ 0-1

[Event "Niederbayrische Einzelmeisterschaft"]
[Site "Mamming"]
[Date "2011.03.12"]
[Round "6.13"]
[White "Lenhard, Alexander"]
[Black "Strangmueller, Andreas"]
[Result "0-1"]
[WhiteElo "1226"]
[BlackElo "1852"]
[PlyCount "76"]
[EventDate "2011.03.??"]
[EventType "swiss"]
[EventRounds "7"]
[EventCountry "GER"]
[SourceDate "2015.12.20"]
[SourceVersionDate "2015.12.20"]
[WhiteTeam "SV Deggendorf"]
[BlackTeam "SK Landshut"]

1. e4 e6 2. d4 d5 3. exd5 exd5 4. c4 Nf6 5. Nc3 Be7 6. Nf3 O-O 7. Ne5 c5 8. Be3
Nc6 9. Nxc6 bxc6 10. Be2 Rb8 11. b3 cxd4 12. Bxd4 dxc4 13. Bxc4 Qa5 14. O-O Rd8
15. Qe2 Rb7 16. Bxf6 Bxf6 17. Rfe1 Re7 18. Ne4 Bxa1 19. Rxa1 Qe5 20. Re1 Rde8
21. f3 Kh8 22. Ng3 Qd4+ 23. Kf1 Rxe2 24. Nxe2 Qe3 25. Bxf7 Rf8 26. Rd1 Ba6 27.
Bc4 Bxc4 28. bxc4 h5 29. Nd4 Rd8 30. Re1 Qxd4 31. g3 Qxc4+ 32. Kg2 Rd2+ 33. Kh3
Qc2 34. Kh4 Rxh2+ 35. Kg5 Qd2+ 36. Kg6 Qxe1 37. g4 Qe6+ 38. Kg5 Qf6# 0-1

[Event "Niederbayrische Einzelmeisterschaft"]
[Site "Mamming"]
[Date "2011.03.12"]
[Round "6.14"]
[White "Seidl, Josef"]
[Black "Oberpriller, Katharina"]
[Result "0-1"]
[WhiteElo "1312"]
[BlackElo "1556"]
[PlyCount "74"]
[EventDate "2011.03.??"]
[EventType "swiss"]
[EventRounds "7"]
[EventCountry "GER"]
[SourceDate "2015.12.20"]
[SourceVersionDate "2015.12.20"]
[WhiteTeam "TSV Kreuzberg"]
[BlackTeam "FC Ergolding 1932"]

1. c4 e6 2. Nf3 d5 3. b3 Nf6 4. d3 Bb4+ 5. Nbd2 b6 6. a3 Be7 7. Bb2 Bb7 8. g3
c5 9. d4 cxd4 10. Nxd4 dxc4 11. N2f3 cxb3 12. Qxb3 O-O 13. Bg2 Nbd7 14. O-O Nc5
15. Qb5 Ba6 16. Qb4 Nd5 17. Qe1 Rc8 18. Ne5 Bf6 19. Ng4 Na4 20. Qd2 Nxb2 21.
Nxf6+ Qxf6 22. Qxb2 Bxe2 23. Rfe1 Ba6 24. Bxd5 exd5 25. Rac1 Rc4 26. Rxc4 dxc4
27. Qc3 h6 28. Re4 Rd8 29. Rf4 Qe5 30. h3 g5 31. Rg4 h5 32. f4 Qxd4+ 33. Qxd4
Rxd4 34. Rxg5+ Kf8 35. Rxh5 c3 36. Rh8+ Ke7 37. Rc8 Bxc8 0-1

[Event "Niederbayrische Einzelmeisterschaft"]
[Site "Mamming"]
[Date "2011.03.13"]
[Round "7.1"]
[White "Bielmeier, Ludwig"]
[Black "Heiduczek, Franz"]
[Result "0-1"]
[WhiteElo "2023"]
[BlackElo "2137"]
[PlyCount "76"]
[EventDate "2011.03.??"]
[EventType "swiss"]
[EventRounds "7"]
[EventCountry "GER"]
[SourceDate "2015.12.20"]
[SourceVersionDate "2015.12.20"]
[WhiteTeam "SV Deggendorf"]
[BlackTeam "SC Rottal"]

1. g3 f5 2. Bg2 Nf6 3. Nf3 g6 4. O-O Bg7 5. d4 O-O 6. b4 c6 7. Bb2 Na6 8. a3 d6
9. c4 Qe8 10. Qb3 Nc7 11. Nc3 e5 12. dxe5 dxe5 13. a4 e4 14. Ng5 h6 15. Nh3 g5
16. f4 g4 17. Nf2 Be6 18. Nfd1 b5 19. axb5 cxb5 20. Ne3 bxc4 21. Qc2 Qc6 22.
Kh1 Rfb8 23. Ra5 Rxb4 24. Nxf5 Qb6 25. Ne7+ Kf7 26. Ncd5 Ncxd5 27. Bxf6 Nxf6
28. Re5 Rb2 29. Qa4 Rb4 30. Qc2 Re8 31. f5 Rxe7 32. fxe6+ Rxe6 33. Ref5 Qd4 34.
Qa2 Rb2 35. Qa5 c3 36. Rd5 Qb6 37. Qxc3 Rb1 38. Rd7+ Kg6 0-1

[Event "Niederbayrische Einzelmeisterschaft"]
[Site "Mamming"]
[Date "2011.03.13"]
[Round "7.3"]
[White "Schultes, Christoph"]
[Black "Popp, Michael"]
[Result "1/2-1/2"]
[WhiteElo "1822"]
[BlackElo "1967"]
[PlyCount "42"]
[EventDate "2011.03.??"]
[EventType "swiss"]
[EventRounds "7"]
[EventCountry "GER"]
[SourceDate "2015.12.20"]
[SourceVersionDate "2015.12.20"]
[WhiteTeam "SK Landau-Dingolfing"]
[BlackTeam "TV 1862 Geiselhöring"]

1. d4 Nf6 2. c4 e6 3. g3 c5 4. Nf3 cxd4 5. Qxd4 Nc6 6. Qd1 Bb4+ 7. Nbd2 Bc5 8.
Nb3 Bb6 9. Bg2 O-O 10. O-O Qe7 11. Bg5 h6 12. Bxf6 Qxf6 13. c5 Bc7 14. Qd2 Rd8
15. Rac1 d5 16. cxd6 Bxd6 17. Qc3 Qe7 18. a3 Bd7 19. Nc5 Be8 20. Ne4 Bc7 21.
Qc5 Bb6 1/2-1/2

[Event "Niederbayrische Einzelmeisterschaft"]
[Site "Mamming"]
[Date "2011.03.13"]
[Round "7.4"]
[White "Mueller, Michael"]
[Black "Hirtreiter, Alexander"]
[Result "1-0"]
[WhiteElo "2008"]
[BlackElo "1822"]
[PlyCount "101"]
[EventDate "2011.03.??"]
[EventType "swiss"]
[EventRounds "7"]
[EventCountry "GER"]
[SourceDate "2015.12.20"]
[SourceVersionDate "2015.12.20"]
[WhiteTeam "SC Bayerwald Regen/Zwiesel"]
[BlackTeam "SK Landau-Dingolfing"]

1. e4 e5 2. Nc3 Nc6 3. Nf3 Nf6 4. g3 Bc5 5. Bg2 d6 6. d3 a6 7. Be3 Bxe3 8. fxe3
Ng4 9. Qd2 f5 10. exf5 Bxf5 11. O-O O-O 12. h3 Nh6 13. e4 Bd7 14. Nd5 Ne7 15.
Ne3 Ng6 16. Kh2 Be6 17. c3 c6 18. d4 Qe7 19. d5 cxd5 20. Nxd5 Bxd5 21. Qxd5+
Kh8 22. Rad1 Nf7 23. Nd2 Qc7 24. Nc4 Rad8 25. Ne3 Ne7 26. Qe6 Nc8 27. h4 Rde8
28. Qd5 Nb6 29. Qd3 Re6 30. Bh3 Rf6 31. Rxf6 gxf6 32. Rf1 Nh6 33. c4 Qc5 34. b3
Kg7 35. Rd1 Rd8 36. Be6 Qc7 37. g4 Qe7 38. Bf5 Kh8 39. c5 Nc8 40. Bxc8 Rxc8 41.
cxd6 Qd7 42. Rg1 Rc6 43. Rd1 Nxg4+ 44. Nxg4 Qxg4 45. d7 Qxh4+ 46. Qh3 Rc2+ 47.
Kg1 Qxh3 48. d8=Q+ Kg7 49. Rd7+ Qxd7 50. Qxd7+ Kg6 51. a4 1-0

[Event "Niederbayrische Einzelmeisterschaft"]
[Site "Mamming"]
[Date "2011.03.13"]
[Round "7.5"]
[White "Golder, Waldemar"]
[Black "Christlmaier, Martin"]
[Result "1/2-1/2"]
[WhiteElo "1824"]
[BlackElo "1934"]
[PlyCount "35"]
[EventDate "2011.03.??"]
[EventType "swiss"]
[EventRounds "7"]
[EventCountry "GER"]
[SourceDate "2015.12.20"]
[SourceVersionDate "2015.12.20"]
[WhiteTeam "FC Ergolding 1932"]
[BlackTeam "SK Landau-Dingolfing"]

1. e4 e5 2. Nf3 Nc6 3. Bb5 a6 4. Ba4 Nf6 5. O-O Nxe4 6. d4 b5 7. Bb3 d5 8. dxe5
Be6 9. Be3 Bc5 10. Bxc5 Nxc5 11. Nc3 Nxb3 12. axb3 O-O 13. Qd2 Qd7 14. Rfd1 Ne7
15. Ne4 dxe4 16. Qxd7 Bxd7 17. Rxd7 Ng6 18. Ng5 1/2-1/2